000 00594nam a2200229Ia 4500
003 0100
008 130307s9999 xx 000 0 und d
040 _cARRUPELIB
050 _aBT613.B8713 1996
100 _aBur, Jacques
245 _aHow to understand the virgin Mary
260 _aNew York
260 _bContinuum
260 _c1996
300 _a134p.
300 _b23 cm.
650 _aTHEOLOGY
650 _bPope, Alexander--Criticism
650 _cPolitics--Great Britain--History--18th century
650 _dPolitical poetry, English--History and criticism
942 0 0 _04
999 _c97370
_d97370